000 00251nam a22001217a 4500
008 170912b xxu||||| |||| 00| 0 eng d
041 _aeng
080 _23RD
_a53
100 _a43
101 _aFIZ
245 _aPHYSICS
_cTIPLER,P.A
942 _2udc
_cBK
999 _c27372
_d27372